| 000 | 01822nam0a2200409 4500 | ||
|---|---|---|---|
| 001 | RU\NLR\BIBL_A\011974592 | ||
| 005 | 20210420162456.0 | ||
| 010 |
_a978-5-6041677-8-6 _92000 |
||
| 021 |
_aRU _bКН-П-19-1179 _9КН-П-19-015843 |
||
| 035 | _a(NLR Aleph) 011974592 | ||
| 035 | _a(RuMoRGB)009911455 | ||
| 090 |
_a11275416 _c11275416 |
||
| 100 | _a20190328d2018 u y0rusy50 ca | ||
| 101 | 0 | _arus | |
| 102 | _aRU | ||
| 105 | _aa|||z|||001zy | ||
| 200 | 1 |
_aШестоднев о прахе земном _fМ. Солуха |
|
| 205 | _aИзд. 3-е, испр. и доп. | ||
| 210 |
_aМосква _c[б. и.] _d2018 |
||
| 215 |
_a394, [4] с. _cил., цв. ил., портр., табл. _d25 |
||
| 300 | _aВ конце кн. об авт.: Максимилиан Солуха - псевдоним: имя и фамилия прадеда автора. Под этим псевдонимом вышло 1-е издание книги | ||
| 320 | _aБиблиогр.: с. 379-382 и в подстроч. примеч. | ||
| 320 | _aПредм. указ.: с. 383-387 | ||
| 320 | _aАлф. указ.: с. 388-391 | ||
| 500 | 1 | 0 |
_aШестоднев _3RU\NLR\AUTH\5511014 |
| 500 | 1 | 0 |
_aБиблия _iВ.З. _iБытие _3RU\NLR\AUTH\553097 |
| 605 |
_aБиблия _xи наука _2nlr_sh1 _2nlr_sh2 _3RU\NLR\AUTH\66993027 |
||
| 605 |
_aБиблия _iВетхий Завет _iКнига Бытия _xИсследование текста _2nlr_sh1 _2nlr_sh2 _3RU\NLR\AUTH\661313267 |
||
| 686 | 2 | _aЭ37-212.2 | |
| 700 | 1 |
_aСолуха _bМ. _cпсевдоним _gМаксимилиан _3RU\NLR\AUTH\770205011 |
|
| 942 | _cBOOK | ||
| 980 | _aNBR | ||
| 980 | _aNB | ||